000 00619nam a2200229 a 4500
001 nice12345678
003 IN_TiNIC
005 20260116015158.0
008 050524s1999 hyda grp 000 0 eng
020 _a
_c100
082 0 0 _a651.755
_bHMI1
100 _aHenry Martyn Institute,
245 _aMemorandum and Articles of Association
260 _aHyderabad
_bHenry Martyn Institute
_c1999
300 _a24p
500 _aincludes index and biblioraphy
505 2 _aConclusion, Notes, Postscript, Bibliography
700 1 _aHenry Martyn Institute,
902 _bSRS
942 _cBK
999 _c18636
_d18636